[Event "Women's Speed Chess Q4"]
[Site "chess.com INT"]
[Date "2020.06.21"]
[Round "7"]
[White "Grigoryan, Meri"]
[Black "Nurmanova, Alua"]
[Result "1-0"]
[WhiteTitle "WFM"]
[BlackTitle "WFM"]
[WhiteElo "2044"]
[BlackElo "2026"]
[WhiteFideId "13300571"]
[BlackFideId "13729390"]
[EventDate "2020.06.21"]

1. d4 Nf6 2. Nf3 g6 3. Bg5 Bg7 4. e3 O-O 5. Bd3 h6 6. Bxf6 Bxf6 7. O-O d5 8.
Nbd2 c5 9. c3 Nc6 10. Rc1 cxd4 11. cxd4 Kg7 12. Bb1 h5 13. Re1 h4 14. h3 e6 15.
Nb3 Bd7 16. e4 dxe4 17. Rxe4 Nb4 18. Ne5 Bc6 19. Nxc6 Nxc6 20. Rg4 Ne7 21. Nc5
Nf5 22. Nxb7 Qb6 23. Be4 Rab8 24. Nc5 Rfd8 25. Nb3 Nh6 26. Rc6 Qb5 27. Rf4 Rbc8
28. Rxc8 Rxc8 29. Qf3 Bg5 30. Bb7 Rc7 31. Be4 Bxf4 32. Qxf4 Qc4 33. Nc5 Re7 34.
Qxh4 f6 35. Qg3 Qc1+ 36. Kh2 Nf5 37. Bxf5 exf5 38. Qd6 Qe1 39. Nd3 Qe4 40. f3
Qe6 41. Qxe6 Rxe6 42. d5 Rd6 43. Nb4 a5 44. Nc6 Rxd5 45. b4 axb4 46. Nxb4 Rb5
47. a3 Ra5 48. Nc2 g5 49. Kg3 Kg6 50. h4 f4+ 51. Kh3 Kh5 52. hxg5 fxg5 53. g4+
fxg3 54. Kxg3 Ra4 55. Kh3 Kg6 56. Kg3 Kf5 57. Kf2 Kf4 58. Ke2 Rc4 59. Ne3 Rc3
60. Nd5+ Ke5 61. Nxc3 Kd4 62. Ne4 g4 63. fxg4 1-0

[Event "Women's Speed Chess Q4"]
[Site "chess.com INT"]
[Date "2020.06.21"]
[Round "7"]
[White "Kubicka, Anna"]
[Black "Pham, Bich Ngoc"]
[Result "1/2-1/2"]
[WhiteTitle "WIM"]
[BlackTitle "WIM"]
[WhiteElo "2256"]
[BlackElo "2235"]
[WhiteFideId "1152254"]
[BlackFideId "12401285"]
[EventDate "2020.06.21"]

1. e4 g6 2. d4 Bg7 3. Nc3 d6 4. Nge2 Nc6 5. g3 e5 6. Be3 exd4 7. Nxd4 Nge7 8.
Bg2 O-O 9. O-O Ne5 10. Qe2 Ng4 11. Rad1 Nxe3 12. Qxe3 Nc6 13. Nxc6 bxc6 14. f4
Qe7 15. Kh1 f5 16. Rfe1 Re8 17. Qf2 Bxc3 18. bxc3 Bd7 19. c4 fxe4 20. Rxe4 Qf6
21. Rxe8+ Rxe8 22. Qxa7 Qc3 23. Qf2 Qxc4 24. Bf3 Qxa2 25. Kg2 d5 26. Rd2 Qc4 27.
h3 Bf5 28. g4 Be4 29. Rd4 Qxc2 30. Bxe4 Qxf2+ 31. Kxf2 Rxe4 32. Rd3 Rxf4+ 33.
Kg3 Rc4 34. Ra3 d4 35. Ra7 d3 36. Kf2 Rd4 37. Ke1 Rd7 38. Ra5 Kf7 39. Kd2 Ke6
40. h4 Rd4 41. h5 Rxg4 42. hxg6 hxg6 43. Kxd3 Kd6 44. Ra6 Kd5 45. Ra7 Rg3+ 46.
Kd2 Kd6 47. Ra6 g5 48. Ra4 c5 49. Ke2 Kd5 50. Kf2 Rh3 51. Rg4 Rh5 52. Ke3 c4 53.
Kd2 c5 54. Kc3 Rh3+ 55. Kc2 Rh5 56. Kc3 Kc6 57. Rg1 Rh3+ 58. Kc2 Rh5 59. Rg4 Kb5
60. Rg1 Rh2+ 61. Kc3 Rh3+ 62. Kc2 Kb4 63. Rxg5 Rh2+ 64. Kc1 c3 65. Rg8 c2 66.
Rg4+ c4 67. Rg3 c3 68. Rg8 Kb3 69. Rb8+ Kc4 70. Rc8+ Kb4 71. Rb8+ Ka4 72. Ra8+
Kb5 73. Rb8+ Ka6 74. Rc8 Kb5 75. Rxc3 Kb4 76. Rxc2 Rxc2+ 77. Kxc2 1/2-1/2

[Event "Women's Speed Chess Q4"]
[Site "chess.com INT"]
[Date "2020.06.21"]
[Round "7"]
[White "Toncheva, Nadya"]
[Black "Vantika, Agrawal"]
[Result "1/2-1/2"]
[WhiteTitle "WFM"]
[BlackTitle "WIM"]
[WhiteElo "2064"]
[BlackElo "2286"]
[WhiteFideId "2924056"]
[BlackFideId "25050389"]
[EventDate "2020.06.21"]

1. e4 c5 2. c3 Nf6 3. e5 Nd5 4. Nf3 d6 5. Bc4 Nb6 6. Bb3 c4 7. Bc2 Nc6 8. exd6
Qxd6 9. O-O Bg4 10. Re1 O-O-O 11. b3 Qf6 12. Be4 Ne5 13. Na3 Nxf3+ 14. Bxf3 Bxf3
15. Qxf3 Qxf3 16. gxf3 cxb3 17. axb3 Rd3 18. Nb5 a6 19. Nd4 e6 20. Kf1 Nd5 21.
Re4 Nf6 22. Re3 Rxe3 23. fxe3 e5 24. Nf5 g6 25. Ng3 h5 26. Ba3 h4 27. Ne2 e4 28.
Nd4 exf3 29. Nxf3 Bxa3 30. Rxa3 Rh5 31. Ra4 Rf5 32. Ke2 g5 33. e4 Rf4 34. Nxg5
Rg4 35. e5 Rxg5 36. exf6 Rg2+ 37. Ke3 Rxh2 38. Re4 h3 39. Re8+ Kd7 40. Re7+ Kd6
41. Rxf7 Ke6 42. Rxb7 Kxf6 43. Rh7 Kg6 44. Rh8 Kg7 45. Rh4 Kg6 46. c4 Kg5 47.
Rh8 Rh1 48. c5 Kg4 49. c6 Rc1 50. Rh6 Kg3 51. d4 h2 52. d5 Kg2 53. Kd4 h1=Q 54.
Rxh1 Kxh1 55. Ke5 Kg2 56. Kd6 Kf3 57. c7 Ke4 58. Kd7 Kxd5 59. c8=Q Rxc8 60. Kxc8
Kc5 61. Kb7 a5 62. Ka6 Kb4 63. Kb6 a4 64. bxa4 Kxa4 1/2-1/2

[Event "Women's Speed Chess Q4"]
[Site "chess.com INT"]
[Date "2020.06.21"]
[Round "7"]
[White "Mudodo, Refiloe Hazel"]
[Black "Arakhamia-Grant, Ketevan"]
[Result "0-1"]
[WhiteTitle "WCM"]
[BlackTitle "GM"]
[WhiteElo "1543"]
[BlackElo "2380"]
[WhiteFideId "11000821"]
[BlackFideId "13600168"]
[EventDate "2020.06.21"]

1. e4 c5 2. Nf3 Nc6 3. d4 cxd4 4. Nxd4 e5 5. Nb5 d6 6. N1c3 a6 7. Na3 Be7 8. Nd5
Nf6 9. f3 b5 10. Be3 Nxd5 11. Qxd5 Bb7 12. Qd2 O-O 13. Be2 f5 14. exf5 d5 15.
O-O Rxf5 16. Rad1 d4 17. Bf2 Bh4 18. c4 Bxf2+ 19. Rxf2 e4 20. Rff1 d3 21. fxe4
Qd4+ 22. Kh1 dxe2 23. Qxe2 Rxf1+ 24. Qxf1 Qxe4 25. cxb5 Ne5 26. bxa6 Bxa6 27.
Qe1 Qxe1+ 28. Rxe1 Nd3 29. Rb1 Re8 30. h3 Nb4 31. Ra1 Re2 32. b3 Bb7 33. Rg1
Rxa2 34. Nc4 Nd3 35. Ne3 Rb2 36. Ng4 Rxb3 37. Kh2 Rb2 38. Kg3 h5 39. Ne3 Re2 40.
Nf5 g6 41. Nh4 Kg7 42. Nf3 Ne5 43. Nxe5 Rxe5 44. Kh2 Re2 45. Kg3 g5 46. Kh2 Kg6
47. Kg3 h4+ 48. Kh2 Kh5 49. Kh1 g4 50. Kh2 Kg5 51. hxg4 Kxg4 52. Kh1 h3 53. Kh2
Kh4 54. Kh1 Bxg2+ 55. Rxg2 hxg2+ 56. Kg1 Kg4 57. Kh2 Kf3 58. Kg1 Re1+ 59. Kh2
Rh1# 0-1

[Event "Women's Speed Chess Q4"]
[Site "chess.com INT"]
[Date "2020.06.21"]
[Round "7"]
[White "Dzagnidze, Nana"]
[Black "Mammadova, Gulnar"]
[Result "1/2-1/2"]
[WhiteTitle "GM"]
[BlackTitle "IM"]
[WhiteElo "2524"]
[BlackElo "2382"]
[WhiteFideId "13601903"]
[BlackFideId "13403508"]
[EventDate "2020.06.21"]

1. c4 e5 2. Nc3 Nc6 3. Nf3 g6 4. d4 exd4 5. Nxd4 Bg7 6. Nxc6 bxc6 7. g3 Ne7 8.
Bg2 O-O 9. O-O Rb8 10. Qd2 d6 11. b3 Be6 12. Bb2 d5 13. cxd5 cxd5 14. Rac1 Qd6
15. Rfd1 Rfd8 16. Na4 d4 17. Qa5 c6 18. Qxa7 Rb5 19. Nc3 Rbb8 20. Ne4 Qd7 21.
Qxd7 Rxd7 22. Nc5 Rd6 23. Ba3 Nd5 24. Ne4 Rdd8 25. Rxc6 Ra8 26. Bc5 Rxa2 27. Bf1
Raa8 28. Bxd4 Nb4 29. Rd6 Rxd6 30. Nxd6 Bxb3 31. Rd2 Bxd4 32. Rxd4 Nc6 33. Rd3
Be6 34. Rd1 Ne7 35. e3 Rd8 36. Rd2 Nf5 37. Ne4 Rxd2 38. Nxd2 Kg7 39. Bd3 Ne7 40.
f4 Nd5 41. Kf2 Nb4 42. Be4 Bd5 43. Bxd5 Nxd5 44. e4 Ne7 45. Ke3 f6 46. Kd4 Kf7
47. Kc5 Ke6 48. Nf3 h6 49. Nd4+ Kf7 50. Kd6 Nc8+ 51. Kc7 Ne7 52. Kd7 h5 53. e5
fxe5 54. fxe5 Nd5 55. e6+ Kf6 56. Kd6 Ne7 57. Nf3 Nf5+ 58. Kd7 Ne7 59. Ne5 Nd5
60. Nxg6 Kxg6 61. e7 Nf6+ 62. Ke6 Ne8 63. Kd7 Kf7 64. h3 Nf6+ 65. Kd8 Ne8 66.
Kd7 Nf6+ 67. Kd8 Ne8 68. Kd7 1/2-1/2

[Event "Women's Speed Chess Q4"]
[Site "chess.com INT"]
[Date "2020.06.21"]
[Round "7"]
[White "Priyanka, K"]
[Black "Bogumil, Tatiana"]
[Result "0-1"]
[WhiteTitle "WIM"]
[BlackTitle "WGM"]
[WhiteElo "2218"]
[BlackElo "2182"]
[WhiteFideId "5082986"]
[BlackFideId "4110579"]
[EventDate "2020.06.21"]

1. e4 e6 2. d4 d5 3. Nc3 dxe4 4. Nxe4 Bd7 5. Nf3 Bc6 6. Bd3 Nd7 7. O-O Ngf6 8.
Qe2 Be7 9. Bf4 O-O 10. Rad1 b6 11. Ne5 Bb7 12. Rfe1 Qc8 13. Nxd7 Qxd7 14. Nxf6+
Bxf6 15. Be5 Qe7 16. Be4 Bxe4 17. Qxe4 c5 18. Bxf6 Qxf6 19. dxc5 Qxb2 20. cxb6
axb6 21. a4 Rac8 22. Rb1 Qxc2 23. Qxc2 Rxc2 24. Rxb6 Ra2 25. Ra6 h6 26. g3 Rc8
27. Re4 g5 28. h4 Rc1+ 29. Kg2 Rcc2 30. hxg5 hxg5 31. Rg4 Rxf2+ 32. Kg1 Rf5 33.
Ra8+ Kg7 34. Rb4 Rc5 35. Rb1 Rc3 36. a5 Rxg3+ 37. Kf1 Rga3 38. Rb5 Kf6 39. Ra7
Rh3 40. Kg1 Rd3 41. Rb1 Rd5 42. Rf1+ Rf5 43. Rxf5+ exf5 44. Kf1 f4 45. Kg1 g4
46. Ra6+ Kg5 47. Ra7 Kh4 48. Rxf7 Kg3 49. Kf1 Rxa5 50. Re7 Ra1+ 51. Ke2 f3+ 52.
Kd2 f2 53. Re3+ Kf4 54. Re8 f1=Q 55. Rf8+ Kg3 56. Rxf1 Rxf1 57. Ke2 Rf4 58. Ke3
Ra4 59. Kd3 Kf4 60. Kc3 g3 61. Kb3 Re4 62. Kc3 g2 63. Kd3 g1=Q 64. Kc3 Qe3+ 65.
Kc2 Rd4 66. Kb2 Rd2+ 67. Kb1 Qe1# 0-1

[Event "Women's Speed Chess Q4"]
[Site "chess.com INT"]
[Date "2020.06.21"]
[Round "7"]
[White "Bulmaga, Irina"]
[Black "Shafigullina, Zarina"]
[Result "0-1"]
[WhiteTitle "IM"]
[BlackTitle "WFM"]
[WhiteElo "2440"]
[BlackElo "2296"]
[WhiteFideId "13903063"]
[BlackFideId "24174220"]
[EventDate "2020.06.21"]

1. e4 c5 2. Be2 Nc6 3. f4 d5 4. d3 e5 5. Nf3 exf4 6. exd5 Qxd5 7. Bxf4 Bd6 8.
Bxd6 Qxd6 9. O-O Nf6 10. Nc3 O-O 11. Qe1 Re8 12. Qf2 b6 13. Rad1 Bb7 14. Ne4
Nxe4 15. dxe4 Qe7 16. Bc4 Kh8 17. Bd5 Nb4 18. Bxb7 Qxb7 19. Ng5 f6 20. Nf3 Qxe4
21. c3 Nd3 22. Qg3 Rad8 23. Kh1 Qe3 24. Rb1 Qf4 25. Qxf4 Nxf4 26. Rfe1 Nd3 27.
Rxe8+ Rxe8 28. b3 g6 29. h4 Re2 30. a4 Rc2 31. c4 Nf4 32. Ne1 Rc3 33. Kg1 Ne2+
34. Kf2 Nc1 35. b4 Rxc4 36. bxc5 Rxc5 37. Ke3 Na2 38. Nd3 Rc4 39. Nb2 Rxh4 40.
Rd1 Nc3 41. Rd7 Nxa4 42. Nd3 Nc5 43. Rd8+ Kg7 44. Nf4 Rxf4 45. Ra8 Re4+ 46. Kf3
Re7 47. g4 a5 48. Rb8 Rb7 49. Ra8 a4 50. Ke3 b5 51. Kd4 Nb3+ 52. Kd5 h5 53. Kc6
Rf7 54. gxh5 gxh5 55. Kxb5 Nd4+ 56. Kc4 Nf5 57. Rxa4 h4 58. Kd5 Kg6 59. Ke4 h3
60. Kf3 Rh7 61. Ra1 Kg5 62. Rg1+ Kh4 63. Kf4 Nh6 64. Rh1 Rg7 65. Kf3 Rg3+ 66.
Kf2 Rg2+ 67. Kf3 Rg3+ 68. Kf2 f5 69. Rh2 Ng4+ 70. Kf1 Nxh2+ 71. Ke2 Ng4 0-1

[Event "Women's Speed Chess Q4"]
[Site "chess.com INT"]
[Date "2020.06.21"]
[Round "7"]
[White "Divya, Deshmukh"]
[Black "Golubeva, Oksana"]
[Result "1-0"]
[WhiteTitle "WIM"]
[BlackTitle "WFM"]
[WhiteElo "2305"]
[BlackElo "2179"]
[WhiteFideId "35006916"]
[BlackFideId "4170164"]
[EventDate "2020.06.21"]

1. e4 e6 2. d3 d5 3. Nd2 h5 4. h4 Nf6 5. g3 b6 6. Bg2 Bb7 7. Qe2 Be7 8. Nh3 Nc6
9. c3 dxe4 10. dxe4 a5 11. e5 Ng4 12. Nf3 Ba6 13. Qe4 Qd5 14. Qxd5 exd5 15. Bf4
O-O-O 16. O-O-O f6 17. exf6 gxf6 18. Ne1 Bc5 19. Bxd5 Rxd5 20. Rxd5 Bc4 21. Rxc5
bxc5 22. f3 Nge5 23. b3 Bd5 24. Rf1 c4 25. Kc2 Rd8 26. Bxe5 Nxe5 27. Nf4 Bf7 28.
Neg2 Kb7 29. Ne3 Nd3 30. bxc4 Nxf4 31. gxf4 Re8 32. Kd3 Rd8+ 33. Ke2 Re8 34. Kf2
Rd8 35. Rb1+ Kc6 36. Rb2 Rd3 37. Rc2 Kc5 38. Ke2 Rd8 39. Rb2 Bxc4+ 40. Nxc4 Kxc4
41. Rb7 Re8+ 42. Kf2 c5 43. Rh7 Kxc3 44. Rxh5 c4 45. Rxa5 Rh8 46. h5 Kd2 47.
Rd5+ Kc2 48. Ke3 c3 49. a4 Kb2 50. a5 c2 51. Rb5+ Ka2 52. Kd2 Rc8 53. Kc1 Ka3
54. a6 Ra8 55. Rb6 Ka4 56. Rxf6 Ka5 57. Kxc2 Rc8+ 58. Kd3 Rh8 59. h6 Kb5 60. Ke3
Rd8 61. Ke4 Re8+ 62. Kf5 Rh8 63. Kg6 Rg8+ 64. Kh7 Rg1 65. Rg6 Rh1 66. Kg7 Rd1
67. h7 Rd7+ 68. Kh6 Rd8 69. Rg8 Rd6+ 70. Kh5 Rd1 71. Kg4 Rh1 72. h8=Q Rg1+ 73.
Kf5 Rc1 74. Rb8+ Ka5 75. Qe5+ Ka4 76. Qb5+ Ka3 77. Qa5# 1-0

[Event "Women's Speed Chess Q4"]
[Site "chess.com INT"]
[Date "2020.06.21"]
[Round "7"]
[White "Hng, Mei-En Emmanuelle"]
[Black "Gvanceladze, Anna"]
[Result "0-1"]
[WhiteTitle "WFM"]
[BlackTitle "WFM"]
[WhiteElo "2029"]
[BlackElo "2254"]
[WhiteFideId "5804566"]
[BlackFideId "4113721"]
[EventDate "2020.06.21"]

1. e4 c6 2. d4 d5 3. e5 Bf5 4. h4 h6 5. g4 Bd7 6. c4 e6 7. Nc3 dxc4 8. Bxc4 Ne7
9. Nf3 Nd5 10. Bxd5 cxd5 11. g5 hxg5 12. Bxg5 Qb6 13. Qb3 Qxb3 14. axb3 Na6 15.
Ke2 Nb4 16. Rhc1 Be7 17. Bxe7 Kxe7 18. Rg1 g6 19. Rg4 a6 20. Rf4 Rac8 21. Ng5
Be8 22. Rg1 Nc6 23. Kd2 Nd8 24. Rg3 a5 25. Ne2 b5 26. Rc3 Rc6 27. Nc1 b4 28.
Rcf3 Rc7 29. Nd3 Kf8 30. Nc5 Kg7 31. Rg3 Rh5 32. Rg1 Rc8 33. Ra1 Ra8 34. Rc1 Ra7
35. Na4 Nc6 36. Rc5 Rb7 37. Rc1 Rh8 38. Nc5 Ra7 39. Nd3 Ne7 40. Nf3 Nf5 41. Rc8
Bb5 42. Rxh8 Kxh8 43. Nc5 a4 44. bxa4 Bxa4 45. h5 gxh5 46. Ng5 Kg7 47. Nf3 Kg6
48. Nh4+ Nxh4 49. Rxh4 Bb5 50. Rf4 Ra2 51. Rf6+ Kg7 52. Kc2 Bc4 53. Rf3 Ra1 54.
Rh3 Kg6 55. Rg3+ Kh6 56. Nd7 b3+ 57. Kc3 Rc1+ 58. Kb4 Rc2 59. Nf6 h4 60. Rh3 Kg5
61. Nh7+ Kg4 62. Rh1 Rxb2 63. Nf6+ Kg5 64. Rg1+ Kf4 65. Rh1 Kg5 66. Rg1+ Kf5 67.
Rh1 Rxf2 68. Rxh4 b2 69. Rh1 Bd3 70. Kc3 b1=Q 71. Rxb1 Bxb1 72. Nd7 Be4 73. Kb4
Rc2 74. Nc5 Rc4+ 75. Kb5 Rxd4 76. Kc6 Rc4 77. Kd6 Rxc5 78. Kxc5 Kxe5 0-1

[Event "Women's Speed Chess Q4"]
[Site "chess.com INT"]
[Date "2020.06.21"]
[Round "7"]
[White "Fuentes Inzunza, Lesly"]
[Black "Frattini, Beatriz Maria"]
[Result "0-1"]
[WhiteTitle "WFM"]
[BlackTitle "WCM"]
[WhiteElo "1840"]
[BlackElo "1868"]
[WhiteFideId "3408205"]
[BlackFideId "22715002"]
[EventDate "2020.06.21"]

1. d4 Nf6 2. c4 g6 3. Nc3 d5 4. cxd5 Nxd5 5. e4 Nxc3 6. bxc3 Bg7 7. Nf3 c5 8.
Be3 O-O 9. h3 b6 10. Be2 Bb7 11. e5 Nd7 12. O-O e6 13. Qc2 Rc8 14. Qa4 Qc7 15.
Rac1 Bc6 16. Qa3 Qb7 17. Rfd1 Rfd8 18. Bg5 Re8 19. Ba6 Qb8 20. Bxc8 Qxc8 21. Ne1
Qb7 22. Be3 Rd8 23. f3 Rc8 24. Kf2 b5 25. Qb2 Nb6 26. Qe2 Nd5 27. Nd3 cxd4 28.
cxd4 Nxe3 29. Qxe3 Qa6 30. Rd2 Bd5 31. Nb4 Qb7 32. Rxc8+ Qxc8 33. Rc2 Qb7 34.
Nxd5 Qxd5 35. Kf1 h6 36. Qe4 Qd7 37. Rd2 Qc7 38. f4 a5 39. d5 Qc1+ 40. Ke2 exd5
41. Qxd5 Qb1 42. Qd3 Qb4 43. g3 Kh7 44. h4 h5 45. Qd4 Qb1 46. Qb2 Qe4+ 47. Kf2
b4 48. a3 Bf8 49. axb4 axb4 50. Rd7 Kg8 51. Qb3 Bc5+ 52. Kf1 Qh1+ 53. Ke2 Qg2+
54. Kd1 Qf1+ 55. Kc2 Qf2+ 56. Rd2 Qe3 57. Qxe3 Bxe3 58. Rd3 Bf2 59. Kb3 Be1 60.
Re3 Bd2 61. Rd3 Bc3 62. Kc4 Kg7 63. Rxc3 bxc3 64. Kxc3 Kf8 65. Kd4 Ke7 66. Kd5
Kd7 67. Kc5 Ke6 68. Kc6 Kf5 69. Kd6 Kg4 70. e6 fxe6 71. Kxe6 Kxg3 72. Kf6 Kxf4
73. Kxg6 Kg4 74. Kf6 Kxh4 75. Kf5 Kg3 76. Ke4 h4 77. Ke3 h3 0-1

[Event "Women's Speed Chess Q4"]
[Site "chess.com INT"]
[Date "2020.06.21"]
[Round "7"]
[White "Goh, Jie Yi"]
[Black "Sharmin, Samiha Shimmi"]
[Result "0-1"]
[WhiteTitle "WCM"]
[BlackTitle "WCM"]
[WhiteElo "1743"]
[BlackElo "1812"]
[WhiteFideId "5710049"]
[BlackFideId "10203087"]
[EventDate "2020.06.21"]

1. d4 d5 2. Bf4 Nf6 3. e3 e6 4. Nf3 Bd6 5. Bg3 O-O 6. Bd3 c5 7. c3 Nc6 8. Nbd2
b6 9. Ne5 Bb7 10. O-O Ne7 11. f4 Nf5 12. Qf3 Be7 13. Bf2 Nd6 14. Qh3 Nde4 15.
Ndf3 Nxf2 16. Rxf2 Ne4 17. Rff1 f6 18. Qxe6+ Kh8 19. Nf7+ Rxf7 20. Qxf7 g6 21.
g4 Qd7 22. f5 Rf8 23. Qe6 Qd8 24. Bxe4 dxe4 25. Nh4 Bd5 26. Qxe7 Qxe7 27. fxg6
Qg7 28. gxh7 Qxh7 29. Ng2 Rg8 30. Rf4 Qh3 31. Rxf6 Rxg4 32. Rf2 Rg7 33. Raf1 Kh7
34. Rf5 Be6 35. R5f2 Bg4 36. Rc1 Bf3 37. Rcc2 Rxg2+ 38. Rxg2 Bxg2 39. Rxg2 Qxe3+
40. Rf2 Qc1+ 41. Kg2 Qg5+ 42. Kf1 Qh4 43. Rf7+ Kg6 44. Rf2 Qg4 45. Ke1 Qh4 46.
Ke2 Qh5+ 47. Ke1 Qd5 48. a3 cxd4 49. cxd4 Qxd4 50. Rg2+ Kf5 51. Rf2+ Ke5 52. Rd2
Qe3+ 53. Re2 Qc1+ 54. Kf2 Qf4+ 55. Ke1 Kd4 56. Kd1 e3 57. Ke1 Qh4+ 58. Kd1 Qh3
59. Ke1 Qh4+ 60. Kd1 Qf6 61. Ke1 Qc6 62. Kf1 Qc1+ 63. Re1 Qxb2 64. Re2 Qb1+ 65.
Kg2 Qd1 66. Kf3 Qf1+ 67. Kg3 Qxe2 68. h4 Qf2+ 69. Kg4 e2 70. h5 e1=Q 71. h6 Qe4+
72. Kg5 Qff5# 0-1

[Event "Women's Speed Chess Q4"]
[Site "chess.com INT"]
[Date "2020.06.21"]
[Round "8"]
[White "Potapova, Margarita"]
[Black "Tomilova, Elena"]
[Result "1/2-1/2"]
[WhiteTitle "WIM"]
[BlackTitle "WGM"]
[WhiteElo "2270"]
[BlackElo "2353"]
[WhiteFideId "14126869"]
[BlackFideId "4162340"]
[EventDate "2020.06.21"]

1. d4 Nf6 2. c4 e6 3. Nf3 b6 4. Bf4 Bb7 5. e3 d6 6. Nc3 Nbd7 7. Be2 h6 8. Qc2 g5
9. Bg3 Bg7 10. O-O-O Nh5 11. d5 Nxg3 12. hxg3 Qf6 13. Nb5 Rc8 1/2-1/2

[Event "Women's Speed Chess Q4"]
[Site "chess.com INT"]
[Date "2020.06.21"]
[Round "8"]
[White "Nikulina, Alena"]
[Black "Tsukerman, Julia"]
[Result "1-0"]
[WhiteTitle "WFM"]
[BlackTitle "WCM"]
[WhiteElo "1887"]
[BlackElo "1523"]
[WhiteFideId "4172051"]
[BlackFideId "2621649"]
[EventDate "2020.06.21"]

1. e4 c5 2. Nf3 d6 3. d4 cxd4 4. Nxd4 Nf6 5. Nc3 a6 6. Be2 e5 7. Nb3 Be6 8. O-O
Be7 9. f4 exf4 10. Bxf4 Nc6 11. Kh1 O-O 12. Nd4 Nxd4 13. Qxd4 Qc7 14. e5 dxe5
15. Bxe5 Qd7 16. Bxf6 Bxf6 17. Qxd7 Bxd7 18. Nd5 Bxb2 19. Rab1 Be5 20. Rxb7 Rfd8
21. Nb6 Rab8 22. Rxd7 Rxd7 23. Nxd7 Re8 24. Nxe5 Rxe5 25. Bxa6 Ra5 26. Bc4 Rc5
27. Bxf7+ Kh8 28. Bb3 1-0

[Event "Women's Speed Chess Q4"]
[Site "chess.com INT"]
[Date "2020.06.21"]
[Round "8"]
[White "Alexanian, Nelli"]
[Black "Vifleemskaia, Svetlana"]
[Result "0-1"]
[WhiteTitle "WIM"]
[BlackTitle "WFM"]
[WhiteElo "1986"]
[BlackElo "1943"]
[WhiteFideId "4170539"]
[BlackFideId "4129490"]
[EventDate "2020.06.21"]

1. d4 Nf6 2. c4 e6 3. Nc3 Bb4 4. e3 O-O 5. Ne2 d5 6. a3 Bxc3+ 7. bxc3 dxc4 8.
Ng3 b5 9. a4 c6 10. axb5 cxb5 11. Qf3 Qd5 12. e4 Qc6 13. Bg5 Nfd7 14. d5 exd5
15. Nf5 Re8 16. Qg3 Rxe4+ 17. Be2 Qg6 18. Ne7+ Rxe7 19. Bxe7 Qxg3 20. hxg3 Nc6
21. Bf3 Nxe7 0-1

[Event "Women's Speed Chess Q4"]
[Site "chess.com INT"]
[Date "2020.06.21"]
[Round "8"]
[White "Tarleva, Vira"]
[Black "Priyanka, K"]
[Result "1-0"]
[WhiteTitle "WFM"]
[BlackTitle "WIM"]
[WhiteElo "2030"]
[BlackElo "2218"]
[WhiteFideId "14116693"]
[BlackFideId "5082986"]
[EventDate "2020.06.21"]

1. e4 c5 2. Nf3 d6 3. d4 cxd4 4. Nxd4 Nf6 5. Nc3 a6 6. h3 e5 7. Nde2 h5 8. Ng3
h4 9. Nge2 Be6 10. Bg5 Be7 11. Qd2 Nbd7 12. Bxf6 Nxf6 13. O-O-O b5 14. f3 Nh5
15. Kb1 Rc8 16. Nd5 Bg5 17. Qd3 O-O 18. g3 hxg3 19. Rg1 Bh4 20. f4 Bxd5 21. Qxd5
Nxf4 22. Nxf4 exf4 23. Bg2 Be7 24. Qf5 g5 25. e5 Rc5 26. Be4 1-0

[Event "Women's Speed Chess Q4"]
[Site "chess.com INT"]
[Date "2020.06.21"]
[Round "8"]
[White "Sharmin, Samiha Shimmi"]
[Black "Zakirova, Aisha"]
[Result "0-1"]
[WhiteTitle "WCM"]
[BlackTitle "WCM"]
[WhiteElo "1812"]
[BlackElo "1585"]
[WhiteFideId "10203087"]
[BlackFideId "13719734"]
[EventDate "2020.06.21"]

1. e4 c5 2. Nf3 d6 3. d4 cxd4 4. Nxd4 Nf6 5. Nc3 Nc6 6. Bc4 e6 7. Be3 Be7 8. O-O
O-O 9. Bb3 Bd7 10. f4 Nxd4 11. Bxd4 Bc6 12. Qe2 a6 13. f5 e5 14. Bf2 b5 15. a3
Rb8 16. g4 h6 17. Rad1 b4 18. axb4 Rxb4 19. Nd5 Rxe4 20. Qf3 Rxg4+ 21. Bg3 Bxd5
22. Bxd5 Qb6+ 23. Kh1 Rd4 24. c4 Nxd5 25. cxd5 Qxb2 26. Ra1 e4 27. Qg4 e3 28.
Bf4 e2 29. Rfe1 Bg5 30. Rab1 Qa2 31. Ra1 Qxd5+ 0-1

[Event "Women's Speed Chess Q4"]
[Site "chess.com INT"]
[Date "2020.06.21"]
[Round "8"]
[White "Frattini, Beatriz Maria"]
[Black "Nurmanova, Alua"]
[Result "0-1"]
[WhiteTitle "WCM"]
[BlackTitle "WFM"]
[WhiteElo "1868"]
[BlackElo "2026"]
[WhiteFideId "22715002"]
[BlackFideId "13729390"]
[EventDate "2020.06.21"]

1. e4 c5 2. Nf3 d6 3. d4 cxd4 4. Nxd4 Nf6 5. Nc3 a6 6. Bg5 e6 7. f4 Qc7 8. Qf3
Nc6 9. Nxc6 bxc6 10. O-O-O Be7 11. g4 Rb8 12. Bxf6 Bxf6 13. g5 Be7 14. h4 Qb6
15. b3 d5 16. exd5 cxd5 17. f5 Bb4 18. fxe6 fxe6 19. Bh3 Rf8 20. Qd3 Qa5 21. Kb2
Qa3+ 22. Kb1 Qa5 23. Kb2 Bd7 24. Rhf1 Rxf1 25. Rxf1 Rc8 26. Na4 Bxa4 27. Bxe6
Bd7 28. Bxd5 Qa3+ 29. Kb1 Bc3 30. Qe3+ Kd8 31. Qb6+ Rc7 32. Qb8+ Bc8 33. Rf8+
Qxf8 0-1

[Event "Women's Speed Chess Q4"]
[Site "chess.com INT"]
[Date "2020.06.21"]
[Round "8"]
[White "Belenkaya, Dina"]
[Black "Ziegenfuss, Antonia"]
[Result "1-0"]
[WhiteTitle "WGM"]
[BlackTitle "WFM"]
[WhiteElo "2297"]
[BlackElo "2101"]
[WhiteFideId "24142654"]
[BlackFideId "12962554"]
[EventDate "2020.06.21"]

1. e4 c5 2. Nc3 e6 3. Nge2 Nc6 4. g3 Nf6 5. Bg2 d5 6. exd5 exd5 7. d4 cxd4 8.
Nxd4 Bb4 9. O-O O-O 10. Bg5 Bxc3 11. bxc3 h6 12. Bf4 Nxd4 13. cxd4 Bf5 14. c4
dxc4 15. Bxb7 Be4 16. Bxa8 Bxa8 17. f3 Qd5 18. Rb1 Ng4 19. Qd2 g5 20. h3 gxf4
21. hxg4 fxg3 22. Kg2 Kg7 23. a4 f5 24. Rb5 Qc6 25. d5 Qg6 26. Qd4+ Kh7 27.
Qxa7+ Kg8 28. Rb8 Bxd5 29. Rxf8+ Kxf8 30. Qc5+ 1-0

[Event "Women's Speed Chess Q4"]
[Site "chess.com INT"]
[Date "2020.06.21"]
[Round "8"]
[White "Kiolbasa, Oliwia"]
[Black "Kazarian, Anna-Maja"]
[Result "0-1"]
[WhiteTitle "WIM"]
[BlackTitle "FM"]
[WhiteElo "2160"]
[BlackElo "2096"]
[WhiteFideId "1154613"]
[BlackFideId "1033689"]
[EventDate "2020.06.21"]

1. e4 e6 2. d4 d5 3. Nc3 Nf6 4. e5 Nfd7 5. f4 c5 6. Nf3 Nc6 7. Be3 Be7 8. Be2
O-O 9. O-O cxd4 10. Nxd4 Nxd4 11. Bxd4 Bc5 12. Kh1 Bxd4 13. Qxd4 Qb6 14. Qd2 Nc5
15. f5 exf5 16. Nxd5 Qe6 17. Bc4 Qxe5 18. Rae1 Ne4 19. Qg5 Qd4 20. Rxe4 fxe4 21.
Nf6+ Kh8 22. Nh5 h6 23. Qg3 g6 24. Nf4 Bf5 25. Bb3 Rad8 26. c3 Qd2 27. Qh4 Kh7
28. h3 e3 29. Nh5 e2 30. Re1 gxh5 31. Qf2 Bd3 0-1